Estatísticas para Países mais próximos de Taiwan - um minuto corrida

Clique aqui para jogar o quiz

Estatísticas Gerais

  • Esse quiz foi jogado 24 vezes
  • A pontuação média é 15 de 20

Estatísticas das Respostas

kmpaís% Correto
4China
100%
1439Coréia do Norte
95%
990Coréia do Sul
95%
107Japão
95%
1088Vietname
95%
156Filipinas
90%
2033Indonésia
90%
1444Laos
90%
1606Camboja
86%
2115Índia
86%
1664Malásia
86%
1734Tailândia
81%
1774Birmânia
76%
1977Brunei
67%
2069Rússia
67%
2195Mongólia
62%
2599Bangladesh
52%
2628Butão
43%
2241Micronésia
10%
2116Palau
0%

Distribuição das Pontuações

Percentil de Números Respondidos

Porcentagem de Pessoas com Cada Pontuação

Sua Pontuação Histórica

Você não jogou esse quiz